Towards a Common Agricultural Policy in Africa?

Štruktúra a úroveň medzinárodnej spolupráce medzi africkými štátmi v oblasti poľnohospodárstva a rozvoja vidieka. Zameriava sa na AÚ a jej osem regionálnych hospodárskych spoločenstiev.

Guardado en:
Detalles Bibliográficos
Autor principal: Blížkovský, Petr
Otros Autores: Grega, Libor, Verter, Nahanga
Formato: Capítulo de libro
Lenguaje:inglés
Materias:
Etiquetas: Agregar Etiqueta
Sin Etiquetas, Sea el primero en etiquetar este registro!

MARC

LEADER 00000naa a2200000 4500
001 0248844
005 20221104110306.9
041 0 |a eng 
044 |a CZ 
245 1 0 |a Towards a Common Agricultural Policy in Africa?  |c Petr Blížkovský, Libor Grega, Nahanga Verter 
520 |a Štruktúra a úroveň medzinárodnej spolupráce medzi africkými štátmi v oblasti poľnohospodárstva a rozvoja vidieka. Zameriava sa na AÚ a jej osem regionálnych hospodárskych spoločenstiev. 
610 2 0 |a poľnohospodárstvo 
610 2 0 |a Afrika 
610 2 0 |a spolupráca hospodárska medzinárodná 
610 2 0 |a Európska únia 
100 1 |a Blížkovský, Petr 
700 1 |a Grega, Libor 
700 1 |a Verter, Nahanga